| 000 | 01037nam a2200229Ii 4500 | ||
|---|---|---|---|
| 003 | JO-AjNU | ||
| 008 | 230605s9999||||xx |||||||||||||| ||und|| | ||
| 017 | _a2012/11813 | ||
| 020 | _a978-977-327-988-4 | ||
| 040 |
_aJO-AjNU _bara _erda _cJO-AjNU |
||
| 041 | _aara | ||
| 050 | 1 | 4 | _aK4536.Y8722.2013 |
| 100 | 3 |
_a يوسف ، أمير فرج , _eauthor _944195 |
|
| 245 | 0 | 0 | _aالقبض والتفتيش وفقا لقانون الاجراءات الجنائية واحكام محكمة النقض |
| 250 | _aط1 | ||
| 264 | 3 | 1 | _aالاسكندرية : مكتبة الوفاء القانونية ، 2013 |
| 300 | _a479ص | ||
| 336 |
_atext _btxt _2rdacontent |
||
| 337 |
_aunmediated _bn _2rdamedia |
||
| 338 |
_avolume _bnc _2rdacarrier |
||
| 650 | 4 |
_aقانون الإجراءات الجنائية -- مصر -- القبض على المتهم -- قوانين و تشريعات -- مصر -- التفتيش -- قوانين و تشريعات -- مصر -- مأمور الضبط القضائي -- قوانين و تشريعات _944196 |
|
| 999 |
_aA19062 _c22630 _d22630 |
||